000 00295 a2200121 4500
003 Nust
005 20170207154601.0
040 _cNust
082 _a025.34
245 _aWhat to say : Units : 11-15, side 1: units: 16-20, side 2
505 _aAlmirah No.73 shelf No.6
650 _aEnglish learning
651 _aWhat to say
999 _c198602
_d198602